MARC

LEADER 00000cam a2200000 7i4500
001 0000018428
005 20071213.0
040 |a INS 
090 0 0 |a M149 
110 2 |a Executive leadership module 2 : Change management 2nd series   |k 2006 3 - 6 July   |c Genting Highland, Pahang 
245 0 0 |a Executive leadership module 2 : Change management 2nd series :   |b 3 - 6 July 2006   |c Organised by Management and Information Technology Centre INSPEN 
260 |a Bangi :   |b Institut Penilaian Negara ,   |c 2006 
300 |a 1 v. (Various paging) :   |b ill ;   |c 30 cm. 
650 0 0 |a Leadership 
710 1 |a INSPEN (Institut Penilaian Negara) 
856 |u http://app.inspen.gov.my:7779/pls/portal/docs/PAGE/CORPORATEPAGES/PORTAL_INSPEN/NOTA_KURSUS/MANAGEMENT/AH)%20EXECUTIVE%20LEADERSHIP%20PROGRAMME%20MODULE%202-%20CHANGE%20MANAGEMENT%202ND%20SERIES.PDF 
999 |a M000000250   |b BOOK   |c Course Notes   |e Default branch 
999 |a M000000251   |b BOOK   |c Course Notes   |e Default branch 
999 |a M000000278   |b BOOK   |c Course Notes   |e Default branch